| 000 | 00837nam a2200217 4500 | ||
|---|---|---|---|
| 005 | 20240530110933.0 | ||
| 008 | 220911s2008 ab g 000 0 ara d | ||
| 017 | _bمصر. دار الكتب | ||
| 040 |
_aEG-CaGPL _cEG-CaGPL |
||
| 082 |
_221 _a916/ _bم أ |
||
| 100 | 0 | _aمحمد خميس الزوكة | |
| 245 | 1 | 0 |
_aافريقيا : دراسة فى الجغرافيا الاقليمية / _cمحمد خميس الزوكة |
| 250 | _aط.1 | ||
| 260 |
_aالاسكندرية : _bدار المعرفة الجامعية، _c2008 |
||
| 300 |
_a432 ص. ؛ _c24 سم. |
||
| 651 | 0 | 7 |
_2qrmak _aافريقيا _xالجغرافيا الاقليمية |
| 651 | 0 | 7 |
_aافريقيا _xجغرافيا |
| 651 | 0 | 7 |
_aافريقيا _xالجغرافيا الطبيعية |
| 942 |
_2ddc _cBK |
||
| 999 |
_c66685 _d66685 |
||